Włoskie jedzenie - Statystyki

Ogólne statystyki
  • Ten quiz został rozwiązany 2 769 razy
  • Średni wynik to 8 z 20
Statystyki odpowiedzi
Opis Jedzenie % Poprawnych
Placek z ciasta pokryty sosem pomidorowym i serem Pizza
99%
Espresso z mlekiem i pianką Capuccino
72%
Deser przyrządzany na bazie biszkoptów maczanych w espresso Tiramisu
66%
Zapiekanka przekładana sosem pomidorowym, makaronem i serem Lasagne
63%
Powyższe danie złożone na kształt pieroga Calzone
58%
Danie główne złożone głównie z ryżu Risotto
56%
Grillowana grzanka z pomidorami i czosnkiem Bruschetta
51%
Sos na bazie bazylii, orzechów, sera i oliwy Pesto
51%
Włoski rodzaj lodów Gelato
49%
Rodzaj sera używany do przyrządzenia powyższego Mascarpone
49%
Niegotowana szynka, popularna w prowincji Parma Prosciutto
41%
Słodki likier na bazie cytryn Limoncello
40%
Musujące białe wino Prosecco
35%
Rodzaj pieczywa podawany z oliwą, rozmarynem i solą Focaccia
31%
Włoskie pierożki nadziewane najczęściej mięsem Tortellini
25%
Dojrzewający boczek Pancetta
23%
Alkohol powstały z odpadów przy produkcji wina Grappa
12%
Ciasteczko z migdałami Cantucci
11%
Potrawa podobna do mamałygi, na bazie kaszki kukurydzianej Polenta
9%
Potrawa podobna do omletu Frittata
7%
Nie znaleziono quizów pasujących do podanych kryteriów
Rozkład punktacji
Procent ludzi z każdym wynikiem
Percentyl według liczby udzielonych odpowiedzi
Twoja historia wyników
Nie rozwiązałeś tego quizu